ITZY - Toutes les chansons - Statistiques

Statistiques générales
  • Ce quiz a été pris 59 fois
    7 depuis la dernière actualisation
  • Le résultat moyen est 65 sur 106
Statistiques - réponses
Hint Réponse % Correct
CHESHIRE 1 Cheshire
100%
RINGO 10 Cheshire - Japanese Ver.
100%
IT'z Different 1 DALLA DALLA
100%
IT'z ICY 4 DALLA DALLA - DallaK Remix
100%
RINGO 1 RINGO
100%
Singles 2024 BORN TO BE
86%
GOLD 7 BORN TO BE (Final Ver.)
86%
CHESHIRE 4 Boys Like You
86%
IT'z ICY 2 CHERRY
86%
Girls Will Be Girls 1 Girls Will Be Girls
86%
Collector 10 Girls Will Be Girls (Japanese version)
86%
GOLD 1 GOLD
86%
Collector 8 Gold (Japanese version)
86%
IT'z ICY 1 ICY
86%
GUESS WHO 1 In the morning
86%
CRAZY IN LOVE 1 LOCO
86%
Motto 1 Motto
86%
CHECKMATE 1 SNEAKERS
86%
CHECKMATE 7 SNEAKERS - English Ver.
86%
RINGO 9 SNEAKERS - Japanese Ver.
86%
IT'z ME 3 THAT'S A NO NO
86%
Tunnel Vision 2 Tunnel Vision
86%
IT'z ME 1 WANNABE
86%
GOLD 3 Bad Girls R Us
71%
RINGO 7 Blah Blah Blah
71%
KILL MY DOUBT 2 CAKE
71%
GOLD 2 Imaginary Friend
71%
Collector 9 Imaginary Friend (Japanese version)
71%
IT'z ICY 3 IT'z SUMMER
71%
Girls Will Be Girls 2 Kiss & Tell
71%
GOLD 9 Mr.Vampire (Final Ver.)
71%
Tunnel Vision 5 Nocturne
71%
Singles 2021 Not Shy
71%
CHESHIRE 2 Snowy
71%
CRAZY IN LOVE 2 SWIPE
71%
GUESS WHO 6 TENNIS (0:0)
71%
IT'z ME 2 TING TING TING (feat. Oliver Heldens)
71%
Collector 4 Trigger
71%
GOLD 8 UNTOUCHABLE (Final Ver.)
71%
GOLD 6 VAY (feat. Changbin de Stray Kids)
71%
RINGO 5 Voltage
71%
IT'z Different 2 WANT IT?
71%
IT'z ICY 5 WANT IT? - Imad Royal Remix
71%
IT'z ME 7 24HRS
57%
Singles 2024 Algorhythm
57%
Collector 6 Algorhythm (Final version)
57%
KILL MY DOUBT 1 BET ON ME
57%
KILL MY DOUBT 4 Bratty
57%
GOLD 10 Dynamite (Final Ver.)
57%
Tunnel Vision 3 DYT
57%
GOLD 11 Escalator (Final Ver.)
57%
GOLD 5 FIVE
57%
Tunnel Vision 4 Flicker
57%
CHESHIRE 3 Freaky
57%
CRAZY IN LOVE 6 Gas Me Up
57%
IT'z ME 6 I DON'T WANNA DANCE
57%
Collector 2 I.I. Know Me
57%
KILL MY DOUBT 6 Kill Shot
57%
Girls Will Be Girls 3 Locked N Loaded
57%
Motto 6 LOOK (RYUJIN)
57%
Singles 2024 No Biggie
57%
Collector 7 No Biggie (Final version)
57%
IT'z ME 4 NOBODY LIKE YOU
57%
KILL MY DOUBT 3 None of My Business
57%
RINGO 3 Playlist
57%
Girls Will Be Girls 4 Promise
57%
KILL MY DOUBT 5 Psychic Lover
57%
Collector 1 Rock & Roll
57%
GUESS WHO 5 SHOOT!
57%
GUESS WHO 2 Sorry Not Sorry
57%
RINGO 6 Spice
57%
RINGO 4 STYLE
57%
CRAZY IN LOVE 4 #Twenty
57%
Girls Will Be Girls 5 Walk
57%
CHECKMATE 5 365
43%
RINGO 8 Can't tie me down
43%
CHECKMATE 6 DOMINO
43%
Tunnel Vision 1 Focus
43%
CHECKMATE 4 Free Fall
43%
Motto 2 Glitch
43%
GUESS WHO 3 KIDDING ME
43%
Collaborations 2024 Like Magic de J.Y. Park (feat. Stray Kids et NMIXX)
43%
CRAZY IN LOVE 7 LOVE is
43%
CRAZY IN LOVE 9 Mirror
43%
Collector 3 Out of Season
43%
Motto 4 Pocket (YEJI)
43%
CHECKMATE 2 RACER
43%
CRAZY IN LOVE 3 Sooo LUCKY
43%
GOLD 4 Supernatural
43%
Singles 2021 Trust Me (MIDZY)
43%
RINGO 11 Trust Me (MIDZY) - Japanese Ver.
43%
CHECKMATE 3 WHAT I WANT
43%
GUESS WHO 4 Wild Wild West
43%
Collector 5 Wind Ride
43%
Motto 3 you And I
43%
IT'z ME 5 YOU MAKE ME
43%
Tunnel Vision 6 8-bit Heart
29%
Motto 5 Asylum (LIA)
29%
CRAZY IN LOVE 5 B(OO)M-BOXX
29%
Singles 2021 Break Ice
29%
Collaborations 2022 Break My Heart Myself de Bebe Rexha
29%
CRAZY IN LOVE 8 Chillin' Chillin'
29%
RINGO 2 Sugar-holic
29%
Singles 2023 SUPERPOWERS pour Stron Girl Nam-soon
29%
Motto 8 Tangerine (YUNA)
29%
Motto 7 Undefined (CHAERYEONG)
29%
Aucun quiz correspondant
Distribution des résultats
% des personnes avec chaque résultat
Percentile par nombre de réponses
Votre historique - résultats
Vous n’avez pas pris ce quiz depuis la dernière actualisation